[Event "FRA-chT U20"]
[Site "Pau"]
[Date "2000.??.??"]
[Round "6"]
[White "Tripoteau, Nicolas"]
[Black "Blot, Jerome"]
[Result "1/2-1/2"]
[WhiteElo "2174"]
[BlackElo "2292"]
[PlyCount "76"]
[EventDate "2000.??.??"]
[EventType "team-swiss"]
[EventCountry "FRA"]
[SourceTitle "EXT 2001"]
[Source "ChessBase"]
[SourceDate "2000.11.22"]
[SourceVersion "1"]
[SourceVersionDate "2000.11.22"]
[SourceQuality "1"]

1. e4 c5 2. Nf3 e6 3. d4 cxd4 4. Nxd4 Nc6 5. Nb5 d6 6. c4 a6 7. N5c3 Nf6 8. Be2 b6 9. Be3 Bb7 10. 0-0 Be7 11. Na3 0-0 12. Qb3 Nd7 13. Rad1 Nc5 14. Qc2 Qc7 15. f4 Rfd8 16. Qb1 Nb4 17. Nc2 Nxc2 18. Qxc2 Rac8 19. Bd4 e5 20. Be3 Ne6 21. f5 Nd4 22. Bxd4 exd4 23. Nd5 Bxd5 24. exd5 Bf6 25. Qa4 a5 26. Bd3 Re8 27. Rfe1 Re3 28. Rxe3 dxe3 29. Qb3 Re8 30. Be2 Qd7 31. Rf1 Qc7 32. Qb5 Kf8 33. Rd1 Re5 34. Qc6 Qxc6 35. dxc6 Ke7 36. Rd5 Kd8 37. Rxe5 Bxe5 38. b3 Kc7 1/2-1/2